| 000 | 00455nam a2200145 i 4500 | ||
|---|---|---|---|
| 001 | 52726 | ||
| 003 | ES-MaACL | ||
| 007 | t| | ||
| 008 | 030903s1983 gw ||||1| spa d | ||
| 100 | 1 |
_aDecamilli, José Leopoldo. _943149 |
|
| 245 | 1 | 3 |
_aEl Salvador _b: la lucha por la libertad / _cJosé Leopoldo Decamilli. |
| 260 |
_aBerlin : _bCírculo Cultural Germano-Iberoamericano, _c[1983] |
||
| 300 |
_a218 p. ; _c18 cm. |
||
| 852 |
_aES-MaACL _jL-5437 _bR.105570 |
||
| 999 |
_c52726 _d52726 |
||